Social Enterprise - Case Study from Africa

Sociálne podnikanie v africkom štáte Malawi. Projekt pekárenskej dielne s mladými zamestnancami vo veku 15-25 rokov. Použité výskumné metódy - pozorovanie, pološtandardizovaný rozhovor a swot analýza. Výsledky určené aj pre potenciálnych realizátorov, ktorí chcú začať spolupracovať na úrovni sociáln...

ver descrição completa

Na minha lista:
Detalhes bibliográficos
Autor principal: Nová, Monika
Formato: Capítulo de Livro
Idioma:inglês
Assuntos:
Tags: Adicionar Tag
Sem tags, seja o primeiro a adicionar uma tag!

MARC

LEADER 00000naa$a2200000$$$4500
001 0248408
005 20181023113047.6
041 0 |a eng 
044 |a CZ 
245 1 0 |a Social Enterprise - Case Study from Africa  |c Monika Nová 
520 |a Sociálne podnikanie v africkom štáte Malawi. Projekt pekárenskej dielne s mladými zamestnancami vo veku 15-25 rokov. Použité výskumné metódy - pozorovanie, pološtandardizovaný rozhovor a swot analýza. Výsledky určené aj pre potenciálnych realizátorov, ktorí chcú začať spolupracovať na úrovni sociálneho podnikania. 
610 2 0 |a podnikanie sociálne 
610 2 0 |a podnik sociálny 
610 2 0 |a pekárenstvo 
610 2 0 |a dielne 
610 2 0 |a analýza swot 
610 2 0 |a štúdie prípadové 
610 2 0 |a Afrika 
100 1 |a Nová, Monika